| 000 | 00707nam a2200205 a 4500 | ||
|---|---|---|---|
| 005 | 20220603063546.0 | ||
| 008 | 991125s1994 es 000 0 spa u | ||
| 020 | _a8471761815 | ||
| 035 | _aUPN01000012584 | ||
| 049 | _aI | ||
| 050 | 4 |
_aPR4852 _bC82 |
|
| 245 | 0 | 0 |
_aCuatro cuentos del libro de la selva de Rudyad Kipling / _cversión de R. S. Torroella ; il. de Art. Studium. |
| 260 |
_aBarcelona, Esp. : _bCEAC : _bTimun Mas, _c1994. |
||
| 300 |
_a[41] p. : _bil. col. |
||
| 440 | 0 | _aAndersen | |
| 505 | 8 | _aContenido: Los hermanos de Mowgli. La caza de Kaa. Toomaí el de los elefantes. Rikki-tikki-tavi | |
| 650 | 0 |
_aCuentos índicos _912844 |
|
| 650 | 4 |
_aCuentos infantiles _96744 |
|
| 905 | _aInfantil | ||
| 999 |
_c12584 _d12584 |
||